| 000 | 00693cam a2200241 a 4500 | ||
|---|---|---|---|
| 001 | 1460597 | ||
| 005 | 20180214032958.0 | ||
| 008 | 860417s1986 nyua b 001 0 eng | ||
| 010 | _a 86008654 | ||
| 020 | _a0195205235 (alk. paper) | ||
| 020 | _a0195205308 (pbk. : alk. paper) | ||
| 040 |
_aDLC _cDLC _dDLC |
||
| 041 | _aeng | ||
| 043 |
_ae-uk--- _ae-fr--- |
||
| 080 | _a338.941 | ||
| 082 | 0 | 0 |
_a338.941 HAL _219 |
| 100 | 1 | _a53 | |
| 101 | _aMNG | ||
| 245 | 1 | 0 |
_aGoverning the economy : _cPeter A. Hall. |
| 504 | _aBibliography: p. [292]-321. | ||
| 906 |
_a7 _bcbc _corignew _d1 _eocip _f19 _gy-gencatlg |
||
| 942 |
_2ddc _cBK |
||
| 999 |
_c42440 _d42440 |
||